000 00483nam a2200193Ia 4500
005 20240823045128.0
008 240823s9999||||xx |||||||||||||| ||und||
020 _a81-259-2140-0
041 _aENGLISH
082 _A658.1511 P9
100 _aMaheshwari S N
245 0 _aAccounting For Management
250 _a1st
260 _c2009
_b"Vikas Pub.,New "
_aNew Delhi
500 _aYES
650 _aAccountancy
_bManagement Studies
700 _a Maheswari S K
942 _cBK
999 _c214237
_d214237